| 000 | 00000nam##2200000za#4500 |
| 001 | 9.670851 |
| 003 | CaOODSP |
| 005 | 20210615125757 |
| 007 | ta |
| 008 | 150407|2009||||xxc||||| f|0| 0 eng|d |
| 020 | |a978-0-662-06442-8 |
| 040 | |aCaOODSP|beng |
| 041 | |aeng |
| 041 | |afre |
| 043 | |an-cn--- |
| 086 | 1 |aA114-36/2009 |
| 110 | 1 |aCanada.|bAgriculture and Agri-Food Canada. |bRural Secretariat. |
| 245 | 10|aCommunity Information Database : |bCanadian community information at your fingertips! |
| 260 | |aOttawa - Ontario : |bAgriculture and Agri-Food Canada. |cc2009. |
| 300 | |aEnglish text, 1 folded sheet, [3]p. : |bcoloured illus. ; |c22 cm. |
| 563 | |aPamphlet |
| 590 | |a09-45|b2009-11-06 |
| 690 | 07|aDatabases|2gcpds |
| 690 | 07|aDemographic statistics|2gcpds |
| 776 | 0#|tBase de données sur les collectivités : |w(CaOODSP)9.675364 |
| 792 | |tBase de données sur les collectivités : |efre|w(CaOODSP)9.670852 |
| 986 | |aAAFC No: 10730B |